Zbližovanie, či vzďaľovanie mzdových hladín?

Faktory, ktoré ovplyvňujú mzdovú hladinu v krajinách SVE (stredná a východná Európa) a v najvyspelejších európskych ekonomikách. Sigma konvergencia v krajinách SVE. Beta konvergencia v skupine najvyspelejších ekonomík. Vplyv inflácie, rastu zamestnanosti a rastu produktivity práce na rast mzdovej hl...

Descripción completa

Guardado en:
Detalles Bibliográficos
Autor principal: Šinský, Šimon
Otros Autores: Morvay, Karol, 1973-
Formato: Capítulo de libro
Lenguaje:eslovaco
Materias:
Etiquetas: Agregar Etiqueta
Sin Etiquetas, Sea el primero en etiquetar este registro!

MARC

LEADER 00000naa a2200000 4500
001 0286703
005 20240502074417.7
041 0 |a slo 
044 |a SK 
245 1 0 |a Zbližovanie, či vzďaľovanie mzdových hladín?  |c Šimon Šinský, Karol Morvay 
520 |a Faktory, ktoré ovplyvňujú mzdovú hladinu v krajinách SVE (stredná a východná Európa) a v najvyspelejších európskych ekonomikách. Sigma konvergencia v krajinách SVE. Beta konvergencia v skupine najvyspelejších ekonomík. Vplyv inflácie, rastu zamestnanosti a rastu produktivity práce na rast mzdovej hladiny v oboch skupinách krajín. 
610 2 0 |a mzdy 
610 2 0 |a zamestnanci 
610 2 0 |a produktivita práce 
610 2 0 |a konvergencia 
610 2 0 |a stredná Európa 
610 2 0 |a východná Európa 
100 1 |a Šinský, Šimon 
700 1 |a Morvay, Karol, 1973-